| 000 | 00389nam a22001457a 4500 | ||
|---|---|---|---|
| 003 | LK-CoMWRAF | ||
| 005 | 20240217004022.0 | ||
| 008 | 230911b2014 |||||||| |||| 00| 0 eng d | ||
| 040 |
_aLK-CoMWRAF _dLK-CoMWRAF _eLK-CoMWRAF |
||
| 041 | _asin | ||
| 082 |
_a370 _bOUR |
||
| 245 | _aඅපේ මඟ | ||
| 260 |
_aColombo : _bMuslim Women's Research and Action Forum - MWRAF, _c2014 |
||
| 942 | _cBK | ||
| 999 |
_c3549 _d3549 |
||